000 00447cam a22001217a 4500
008 180718b1955 xxu||||| |||| 00| 0 eng d
082 _aJ703x42 B383
100 _aBeaument, Christopher
245 _aTown and country planning act, 1954: a guide for agents and others
_cby Christopher Beaument
260 _aLondon
_bThe Incorporated Society of Auctioneers and Landed Property Agents
_c1955
300 _a51p.
650 _aCity Planning - U.K. - Legis
999 _c359327
_d359327